|
|
|
|
| LEADER |
00000nam a22000007a 4500 |
| 005 |
20200303214252.0 |
| 007 |
cr|||| |||| |
| 008 |
200303s2019 es |||||s|||| 00||0 spa d |
| 020 |
|
|
|a 978-84-121260-0-6
|
| 035 |
|
|
|a 31118
|
| 040 |
|
|
|a vLex
|
| 090 |
|
|
|c 10163
|d 10163
|
| 100 |
1 |
|
|a Fernandez Codina, Gonzalo
|
| 245 |
1 |
0 |
|a Gestacin̤ subrogada
|h [Recurso electrn̤ico] :
|b Crt̕ica a sus crt̕icas. Sobre porqu ̌es moralmente lc̕ita y legalizable /
|c Gonzalo Fernandez Codina
|
| 256 |
|
|
|a Servicio en ln̕ea
|
| 260 |
|
|
|a Barcelona:
|b J.M. Bosch Editor,
|c 2019
|
| 300 |
|
|
|a 1 recurso electrn̤ico
|
| 500 |
|
|
|a De acuerdo con el viejo principio de los juristas romanos mater sempre certa est (la madre siempre es conocida) mientras que pater sempre incertus est (el padre siempre es desconocido). Sin embargo, con el surgimiento de la gestacin̤ subrogada (GS), esta idea milenaria se tambalea. Lo que el lector hallar ̀en este libro ser,̀ por un lado, una recopilacin̤ exhaustiva de los distintos argumentos en contra de la GS. Y por otro, un examen minucioso de los mismos. Todo ello escrito con un lenguaje llano y directo, con la intencin̤ de apelar por igual al acadm̌ico y al pb︢lico no especializado que busque conocer la cuestin̤ con mayor profundidad. La tesis final a la que se llegar ̀ser ̀doble: en primer lugar, que la GS altruista o comercial es, en condiciones de libertad e informacin̤ suficiente, ťicamente irreprochable. Y en segundo lugar, que, si bien an︢ no puede afirmarse categr̤icamente, todo apunta a que la legalizacin̤ en Espaą (o en pas̕es del primer mundo) de la GS intranacional, altruista o comercial, no comporta peligros significativos, por lo que no existira̕n razones de peso en contra de su regulacin̤. Durante siglos maternidad, embarazo y alumbramiento, han formado una tra̕da indesligable. Hablar de “madres sin parto” pareca̕ absurdo. Este texto pretende mostrar lo contrario, evidenciando que la GS es una manera perfectamente vl̀ida de crear una familia.
|
| 506 |
1 |
|
|a Disponible solo en los productos indicados
|d vLex Global
|d vLex Global (Academic Edition, excluding Law Schools)
|d vLex Global (U.S. Academic Edition, Law Schools)
|d vLex Global (U.S. Academic Edition, excluding Law Schools)
|d vLex Global (Academic Edition, Law Schools)
|
| 650 |
0 |
4 |
|a Familia y Sucesiones
|z Espaą
|
| 740 |
0 |
|
|a vLex Libros (Servicio en ln̕ea)
|
| 856 |
4 |
0 |
|u http://vlex.com/source/gestacion-subrogada-critica-a-sus-criticas-sobre-porque-es-moralmente-licita-y-legalizable-31118
|z Acceso restringido
|
| 942 |
|
|
|c BOOK
|
| 999 |
0 |
|
|a Family and Successions
|